000 01147nam a22003497a 4500
001 BR8206276
003 BR-BrBNA
005 20230928091501.0
007 ta
008 230509b bl.||||| |||| 00| 0 por d
040 _aBR-BrBNA
_bpor
_cBiblioteca Nacional de Agricultura
041 _a(Por)
072 _aF60
_b0430
090 _ 0430 BR8206276
100 1 _aRibeiro, J.L.
110 1 _aUniversidade Federal da Paraiba, Areia (Brasil). Centro de Ciencias Agrarias
245 1 _aEfeito do sodio no desenvolvimento dos algodoeiros moco (Gossypium hirsutum L.R. marie galante Hutch)e herbaceo (Gossypium hirsutum L.R. latifolium Hutch)
260 3 _aAreia, PB (Brasil):
_c1982.
300 _a128 p.
500 _a30 tables; 49 ref.; Summary (Por). (*) Documento disponível na(o) Universidade Federal da Paraiba, Areia (Brazil)
650 _aALGODAO MOCO
650 _aALGODAO HERBACEO
650 _aSODIO
650 _aMINERAL
650 _aNUTRICAO VEGETAL
650 _aCRESCIMENTO
650 _aRENDIMENTO
650 _aFIBRA
650 _aANALISE QUALITATIVA
909 _a202309
_bLucia
_c55
_dLucia Elande
942 _cBK
999 _c34059
_d34059